000 00302nam a22001337a 4500
008 170505b xxu||||| |||| 00| 0 eng d
020 _a9780847697311
041 _aeng
080 _a343
100 _a14
101 _aSHJ
245 _aCAPITAL PUNISHMENT IN THE
_cMARTINEZ.J.M
942 _2udc
_cBK
999 _c12841
_d12841